Normal view
MARC view
Entry Personal Name
001 - CONTROL NUMBER
- control field: 19577
003 - CONTROL NUMBER IDENTIFIER
- control field: OSt
005 - DATE AND TIME OF LATEST TRANSACTION
- control field: 20260414123156.0
008 - FIXED-LENGTH DATA ELEMENTS
- fixed length control field: 260414|| aca||aabn | a|a d
040 ## - CATALOGING SOURCE
- Original cataloging agency: OSt
- Transcribing agency: OSt
100 ## - HEADING--PERSONAL NAME
- Personal name: Fridson, Martin S.; Alvarez, Fernando
670 ## - SOURCE DATA FOUND
- Source citation: Work cat.: (OSt)9628: Fridson, Martin S.; Alvarez, Fernando, Financial Statement Analysis: a practitioner's guide
